000 00762nam a2200253 a 4500
001 000007818
005 20200929154316.0
008 090911s2009 dr 001 0 spa d
020 _a9789945863093
040 _aDO-SdBNP
082 _aPR863.44
_bP798c, 2009
100 1 _aPons Irizarry, Luis
_d1942-
_921533
245 1 3 _aLa chancla suelta /
_cLuis Pons Irizarry.
250 _a3a ed.
260 _aSanto Domingo :
_bBúho,
_c2009.
300 _a173 p. ;
_c22 cm.
490 1 _aTorrente
500 _aIncluye datos biográficos del autor en la solapa
650 4 _aCuentos puertorriqueños
_9249
650 4 _aLiteratura puertorriqueña
_9250
830 0 _aTorrente
_921534
910 _aValidado. Control de calidad BNPHU
999 9 9 _a1
_n0000243
_c7596
_d7596
049 _aBNPD